Histoire de la Revolution de 1870-71 (Record no. 44798)

MARC details
000 -LEADER
campo de control de longitud fija 00685nam a2200181 i 4500
001 - NÚMERO DE CONTROL
campo de control 44798
003 - IDENTIFICADOR DE NÚMERO DE CONTROL
campo de control ES-MaACL
005 - FECHA Y HORA DE LA ÚLTIMA TRANSACCIÓN
campo de control 20250701063134.0
007 - CAMPO FIJO DE DESCRIPCIÓN FÍSICA--INFORMACIÓN GENERAL
campo de control de longitud fija t|
008 - DATOS DE LONGITUD FIJA--INFORMACIÓN GENERAL
campo de control de longitud fija 030324s1874 fr ||||1| fre d
100 1# - ENTRADA PRINCIPAL--NOMBRE DE PERSONA
Nombre de persona Claretie, Jules,
Fechas asociadas al nombre 1840-1913
9 (RLIN) 160289
245 10 - MENCIÓN DEL TÍTULO
Título Histoire de la Revolution de 1870-71
Resto del título : chute de l'empire, la guerre, le gouvernement de la defense nationale, la paix, le siege de Paris, la commune de Paris, le gouvernement de M. Thiers /
Mención de responsabilidad, etc. Jules Claretie.
260 ## - PUBLICACIÓN, DISTRIBUCIÓN, ETC.
Lugar de publicación, distribución, etc. Paris :
Nombre del editor, distribuidor, etc. [s.n.],
Fecha de publicación, distribución, etc. 1874 (
Fabricante Rouge)
300 ## - DESCRIPCIÓN FÍSICA
Extensión 2 v. ;
Dimensiones 28 cm.
651 #4 - PUNTO DE ACCESO ADICIONAL DE MATERIA--NOMBRE GEOGRÁFICO
Nombre geográfico Francia-
Subdivisión general Historia-
Subdivisión cronológica 1871-1873.
9 (RLIN) 167507
852 ## - LOCALIZACIÓN
Ubicación ES-MaACL
Número de control de estantería C-1906-07
Holdings
Estatus retirado Estado de pérdida Estado de daño No para préstamo Colección Biblioteca de origen Biblioteca actual Ubicación en estantería Fecha de adquisición Fuente de adquisición Total de préstamos Signatura topográfica completa Código de barras Visto por última vez Precio de reemplazo Tipo de ítem Koha
        Libros del s. XIX Biblioteca del Ateneo de Madrid Biblioteca del Ateneo de Madrid Sala Palomar 17/01/2008     C-1906-07 1047148 23/02/2023 23/02/2023 Libro impreso antiguo